Представление документа в формате RUSMARC

ПолеНазваниеЗначение
  Тип записи a
  Библиографический уровень c
001 Контрольный номер RU/SLIB/B/208782196
005 Дата корректировки 20201206204346.4
010 Индекс ISBN __
d Цена 2-60
101 Язык документа __
a Язык текста rus
200 Заглавие и сведения об ответственности __
a Заглавие Возгорится пламя
f Первые сведения об ответственности А. Л. Коптелов
b Общее обозначение материала Текст
210 Выходные данные __
a Место издания Новосибирск
c Издательство Зап.-Сиб. кн. изд-во
d Дата издания 1981
215 Физическое описание __
a Объем 672 с.
461 Уровень набора __
1 2001
a Собрание сочинений
v Т. 4
606 Тематические рубрики __
a Основная рубрика Художественная литература
z Хронологическая подрубрика 20 в.
y Географическая подрубрика Россия
606 Тематические рубрики __
a Основная рубрика Русская литература XX в. (произведения)
610 Ключевые слова __
a Ключевые слова писатели; проза; прозаики; романы; большевики; большевистская партия
686 Индексы других классификаций __
a Классификационный индекс 84(2Рос=Рус)6-4
700 Автор __
a Фамилия Коптелов
b Имя А. Л.
4 Код отношения 070
801 Источник записи _0
a Страна RU
b Организация Муниципальное бюджетное учреждение культуры "Централизованная библиотечная система" г. Сургут (Центральная городская библиотека им. А. С. Пушкина)
g Правила каталогизации КиК/Лебедева
801 Источник записи _1
a Страна RU
b Организация Муниципальное бюджетное учреждение культуры "Централизованная библиотечная система" г. Сургут (Центральная городская библиотека им. А. С. Пушкина)
g Правила каталогизации КиК/Лебедева
852 Данные о местонахождении __
j Шифр хранения 84(2Рос=Рус)6-4
i Авторский знак К 65
p Инвентарный номер 8226
901 Тип документа __
t Тип документа x
969 Тип издания __
a Тип издания сборник
990 Данные о заказе (DOS) __
j Количество экземпляров (DOS) 1
t N записи в КСУ для И/У (DOS) ретро